| 000 | 00353nam a2200133Ia 4500 | ||
|---|---|---|---|
| 008 | 240624s9999 xx 000 0 und d | ||
| 041 | _aeng | ||
| 082 | _a133.5 KAT | ||
| 100 | _aKATARIA SUNDEEP | ||
| 245 | _aANNUAL HOROSCOPE 2010 INCLUDES ALL THE 1 | ||
| 260 |
_c2009 _aNew Delhi _bHind Pocket Books |
||
| 300 | _a609 : p. : cm. ; 19 | ||
| 365 |
_cRS _b20 |
||
| 999 |
_c14327 _d14327 |
||